[Event "Reykjavik Olafsson"]
[Site "Reykjavik"]
[Date "1995.??.??"]
[Round "10"]
[White "Hjartarson, Johann"]
[Black "Gretarsson, Helgi Ass"]
[Result "1-0"]
[WhiteElo "2570"]
[BlackElo "2440"]
[Annotator "Stohl,I"]
[PlyCount "57"]
[EventDate "1995.09.??"]
[EventType "tourn"]
[EventRounds "11"]
[EventCountry "ISL"]
[EventCategory "11"]
[SourceTitle "CBM 049"]
[Source "ChessBase"]
[SourceDate "1995.12.01"]
[SourceVersion "1"]
[SourceVersionDate "1995.12.01"]
[SourceQuality "1"]

1. c4 b6 2. d4 e6 3. a3 (3. Nc3 Bb7 4. Qc2 f5 5. Nf3 Nf6 6. Bg5 Bb4 7. a3 Bxc3+
8. Qxc3 O-O 9. e3 h6 10. Bxf6 Qxf6 11. Be2 d6 12. O-O Nd7 13. Rfd1 Rae8 14.
Rac1 e5 15. c5 Bxf3 16. Bxf3 dxc5 17. dxc5 Nxc5 18. Bd5+ Kh8 19. b4 Ne6 20.
Bxe6 Rxe6 21. Qxc7 $14 {Llanos,G-Fiorito,F/Trelew Clarin op/1995/}) 3... Bb7 4.
Nc3 f5 (4... Nf6 5. d5 exd5 6. cxd5 Bd6 7. g3 O-O 8. Bg2 Be5 9. Nh3 c5 10. O-O
Re8 11. Re1 d6 12. e4 Bxc3 13. bxc3 Nbd7 14. f4 Ba6 15. g4 g6 16. g5 Nh5 17.
Bf3 Ng7 18. Nf2 Bc4 19. Be2 Bxe2 20. Qxe2 f6 21. h4 $36 {(),Vareille,F-Bauer,C/
FRA-ch Chambery/1994/}) 5. d5 (5. Nf3 Nf6 6. d5 g6 (6... Be7 7. g3 Ne4 8. Nxe4
fxe4 9. Ne5 Bf6 10. Ng4 exd5 11. cxd5 Na6 12. Bg2 Nc5 13. Rb1 a5 14. Be3 Qe7
15. Nxf6+ gxf6 16. b4 axb4 17. axb4 Na4 18. Qd4 Qe5 19. Rc1 Bxd5 20. Qxe5+ fxe5
21. Rxc7 Ke7 22. Kd2 Rhc8 23. Rhc1 Rxc7 24. Rxc7 $14 {[%csl Ge3,Gg2] _|_^^,Van
Wely,L-Romero Holmes,A/Wijk op/1995/}) 7. g3 Bg7 8. Bg2 O-O 9. O-O Na6 10. e4
$6 Nxe4 11. Nxe4 fxe4 12. Ng5 exd5 13. cxd5 Nc5 14. Nxe4 Nxe4 15. Bxe4 Qf6 16.
Rb1 Qd4 17. Qc2 Rae8 18. Bd3 Bxd5 19. Rd1 Qg4 20. Bf1 Rxf2 $1 21. Qd3 Rxf1+ 22.
Qxf1 Bd4+ {0-1,Fioramonti,H-Khenkin,I/Geneva op/1995/}) 5... Nf6 6. g3 (6. Nf3
g6 7. dxe6 $5 dxe6 8. Qxd8+ Kxd8 9. Bf4 Bd6 10. Bg3 f4 11. Bh4 Ke7 12. e3 Nbd7
13. Bd3 Rag8 14. Be4 Bxe4 15. Nxe4 fxe3 16. fxe3 h6 17. Nd4 g5 18. Nc6+ Kf7 19.
Nxd6+ cxd6 20. Bg3 e5 21. Nxa7 Ke6 22. Ke2 $16 {Petursson,M-Gretarsson,H/
Reykjavik Olafsson/1995/}) 6... g6 (6... Na6 7. Bg2 Nc5 8. Nh3 (8. Nf3 Nce4 9.
O-O Nxc3 10. bxc3 Bc5 11. Nd4 O-O 12. dxe6 Bxg2 13. Kxg2 Ne4 14. Qc2 Qf6 15.
exd7 Bxd4 16. cxd4 Qxd4 17. f3 Nc5 {0,5/Apel,S-Blauert,J/2.BLN 9495/1995/})
8... Bd6 9. O-O Be5 10. Qc2 O-O 11. Rd1 Qe7 12. Be3 Nce4 13. Nxe4 Nxe4 14. Rac1
exd5 15. cxd5 Bd6 16. Bxe4 fxe4 17. Ng5 Rf5 18. Qxe4 Qf6 19. h4 g6 20. Bd4 Qf8
21. Qc2 Bxd5 22. e4 Rxg5 23. hxg5 Be6 24. Bf6 $18 {Gelfand,B-Hamdouchi,H/
Etoiles/1994/}) (6... a5 7. Bg2 Na6 8. Nh3 Bd6 9. O-O O-O 10. Qc2 Nc5 11. Rd1
Qe7 12. Rb1 exd5 13. cxd5 Nfe4 14. Nb5 a4 15. Be3 Ra5 16. Nxd6 cxd6 17. Bxe4
Qxe4 18. Qxe4 fxe4 19. Nf4 Rb5 20. Ng2 Nb3 21. Bf4 Bxd5 22. Bxd6 Rc8 23. Bb4
$16 {[%csl Ra4,Rb6,Rd7,Re4] ק,Kozul,Z-Hamdouchi,H/Biel izt/1993/}) 7. Bg2 Bg7
8. Nh3 $1 (8. e3 O-O 9. Nge2 e5 10. O-O d6 11. e4 fxe4 12. Nxe4 Nxe4 13. Bxe4
Nd7 14. Nc3 Bc8 15. Bg2 Nf6 16. h3 Rf7 17. Be3 Qf8 18. Qd2 a5 19. b4 Ba6 20.
Nb5 Kh8 21. Rfc1 Ng8 22. Ra2 Bh6 23. Rac2 Bxe3 24. Qxe3 axb4 25. axb4 Bxb5 $10
{Lautier,J-Topalov,V/Linares/1994/}) 8... O-O 9. O-O Na6 (9... a5 $5 10. Rb1 (
10. dxe6 Bxg2 11. Kxg2 dxe6 $10) 10... Na6 $14) 10. Rb1 $146 (10. Qc2 $5 Nc5
11. Be3 exd5 12. cxd5 Nce4 13. Rfd1 Re8 14. Rac1 Rc8 15. Nxe4 Nxe4 16. b4 Qf6
17. Bd4 Qd6 18. e3 Bxd4 19. Rxd4 Re5 20. Rcd1 Qf6 21. f4 Re7 22. Bxe4 fxe4 23.
Nf2 c5 24. Rxe4 cxb4 25. Qb3 Rc3 26. Qxb4 Rxe3 27. Ng4 {1-0,Epishin,
V-Muhutdinov,M/Moscow Tal/1992/}) 10... Nc5 11. b4 Nce4 12. Bb2 exd5 $6 (12...
Qe7 $5 13. Nf4 $14 (13. Nb5 Rfc8 (13... d6 $2 14. f3 $18) 14. f3 Nd6 15. Nxd6
cxd6 $132)) (12... Nd6 13. Qb3 $36) 13. cxd5 Nd6 14. Qb3 Kh8 15. Rbc1 Re8 (
15... c5 16. dxc6 dxc6 17. Nf4 {[%cal Rf4e6] /\Ne6->}) 16. Rfd1 Ng4 (16... Nfe4
$2 17. Nxe4 Nxe4 18. Bxg7+ Kxg7 19. Bxe4 Rxe4 20. Qc3+ Kg8 21. Qxc7 $18) 17. a4
a6 18. e3 Rc8 19. Nf4 Ne5 20. Nce2 $16 {[%csl Rb7,Rc7][%cal Gc1c7] <->c,><c7,
Bb7,>>,(),} Ne4 (20... Qe7 $142 21. Nd3 $16 (21. Rc2 $5 $16)) 21. Nd3 Qe7 $2 (
21... Nxd3 22. Bxg7+ Kxg7 23. Qxd3 Qe7 24. Rc4 $40) (21... d6 22. Nef4 {
[%csl Re6] ><e6}) 22. Nxe5 Bxe5 23. Bxe4 fxe4 24. Rxc7 $1 $18 {This nice
temporary sacrifice destroys Black's position.} Rxc7 $8 25. d6 Qg7 26. Bxe5
Qxe5 (26... Rxe5 27. dxc7 d5 28. Qc3 $18) 27. dxc7 {The black Bb7 is helpless,
compared to White's N.} Qxc7 28. Qf7 Rd8 $8 (28... Qe5 29. Rxd7 $18) 29. Nf4 {
[%cal Rf4e6] /\Ne6!} (29. Nf4 Qc8 30. Ne6 $1 dxe6 31. Qf6+ $18) 1-0

[Event "Bundesliga 0203"]
[Site "Germany"]
[Date "2002.12.14"]
[Round "5.3"]
[White "Andersson, Ulf"]
[Black "Markowski, Tomasz"]
[Result "1-0"]
[WhiteElo "2599"]
[BlackElo "2549"]
[Annotator "Stohl,I"]
[PlyCount "65"]
[EventDate "2002.10.19"]
[EventType "team-tourn"]
[EventRounds "15"]
[EventCountry "GER"]
[SourceTitle "CBM 093"]
[Source "ChessBase"]
[SourceDate "2003.04.01"]
[SourceVersion "1"]
[SourceVersionDate "2003.04.01"]
[SourceQuality "1"]
[WhiteTeam "Porz"]
[BlackTeam "Plauen"]
[WhiteTeamCountry "GER"]
[BlackTeamCountry "GER"]

1. Nf3 c5 2. c4 g6 3. d4 Bg7 4. e4 Qb6 $5 5. dxc5 Qxc5 {[%mdl 32] Black has
been quite successful with this modification of the Maroczy Dragon. By
postponing the development of the Ng8 he prevents White's Nb1 from reaching
its ideal square c3, by playing Bg4 and Nc6 first he fights for control of d4 
(a square usually reserved for White's N in the Maroczy!). But White has ways
of countering this plan-Andersson shows a strategy of playing around d4 on the
flanks, which culminates in a >>->.} 6. Be2 (6. Bd3 d6 7. h3 Be6 (7... Nc6 8.
a3 Be6 9. Nbd2 a5 10. Nb3 Qb6 11. Be3 Qa6 12. Qe2 Rd8 13. Nbd4 Bxd4 14. Nxd4
Ne5 15. Nxe6 fxe6 16. O-O Nf6 17. Rfd1 O-O 18. Rac1 Nxd3 19. Qxd3 a4 20. e5 $36
{Andonov,B-Chatalbashev,B/Struga/2002/}) 8. Nbd2 Nf6 9. O-O O-O 10. Nb3 Qc7 11.
Be3 Nc6 12. Nbd4 Nxd4 13. Nxd4 Bd7 14. Rc1 a6 15. Qe2 b6 16. Rc3 Qb7 17. f3 Nh5
18. Qf2 b5 19. cxb5 axb5 20. Rfc1 Rfc8 21. Rxc8+ Bxc8 22. Nxb5 Rxa2 $132 {
Mastrovasilis,A-Petrov,M/Halkidiki/2002/}) (6. Nc3 Bxc3+ 7. bxc3 Nc6 (7... d6
8. Qd4 $1 $14) 8. Qd5 d6 $13) 6... d6 7. O-O Nc6 (7... Bg4 8. Be3 Qc7 9. Nd4
Bxe2 10. Qxe2 Nc6 11. Rd1 Nxd4 12. Bxd4 Bxd4 13. Rxd4 Qb6 14. Qd2 Nf6 15. Nc3
O-O 16. Nd5 Nxd5 17. exd5 Rae8 18. Re1 a5 19. Rde4 Qc7 20. b3 a4 21. g3 axb3
22. axb3 $36 b5 23. cxb5 Qb7 24. b6 $1 $16 {Emms,J-Davies,N/Tel Aviv/1990/}) 8.
a3 (8. Nfd2 Qa5 9. Nb3 Qc7 10. Nc3 Bxc3 11. bxc3 Nf6 12. f3 O-O 13. Kh1 b6 14.
Bg5 Ne5 15. Bxf6 exf6 16. f4 Nd7 17. Qd4 Bb7 18. Rad1 Nc5 19. Bf3 Rfe8 20. Nxc5
dxc5 21. Qxf6 Bxe4 22. f5 Qe5 $15 {Pigusov,E-Markowski,T/Koszalin op/1999/}) (
8. Qb3 Qb6 9. Nc3 Qxb3 10. axb3 Nf6 11. h3 O-O 12. Be3 Be6 13. Rfd1 Nd7 14. Ng5
Nc5 15. Nxe6 fxe6 16. Bg4 h5 17. Bxc5 hxg4 18. Be3 gxh3 19. gxh3 a6 20. Kg2 Kh7
21. c5 Rad8 22. cxd6 exd6 23. Rd2 d5 $1 24. exd5 exd5 25. Nxd5 Bxb2 $11 {
Lautier,J-Ivanchuk,V/Monte Carlo blind/1997/}) 8... Bg4 9. Be3 ({Another
promising alternative, which gives White a pleasant space advantage, is} 9. b4
Qb6 10. Be3 Qd8 11. Ra2 Nf6 12. Nc3 O-O $142 (12... a5 $6 13. b5 (13. Nd5 O-O
14. Bb6 {/\b5+/=}) 13... Bxf3 14. gxf3 $1 (14. Bxf3 Ne5 15. Be2 O-O $13 {/=/+}
16. c5 $2 Rc8 17. Bd4 Ned7 $1 18. Na4 dxc5 19. Bxf6 Nxf6 20. e5 Nd5 21. Rd2 e6
$17 {Ponomariov,R-Shabalov,A/Bad Wiessee op/1999/}) 14... Ne5 15. c5 $1 Qc8 (
15... dxc5 16. Rd2 $40) 16. f4 Ned7 17. Rc2 Nxc5 18. e5 Nfd7 19. exd6 exd6 20.
Qxd6 Ne4 21. Nxe4 Qxc2 22. Bg4 Rd8 23. Rd1 Qc8 24. Rc1 {1-0,Rotstein,A-Sulava,
N/Arco op/2001/}) 13. Qb3 (13. Rd2 Nd7 14. Qb3 a5 15. h3 Bxf3 16. Bxf3 axb4 17.
axb4 b6 $6 18. Rfd1 Re8 19. Be2 Qc7 20. Nb5 Qb7 21. f4 $16 Ra1 22. e5 $1 Rxd1+
23. Qxd1 Nxb4 24. Bf3 Qb8 25. Qa4 dxe5 26. Rxd7 exf4 27. Bf2 e5 28. Nd6 {
1-0,Kramnik,V-Topalov,V/Monte Carlo act/1999/}) 13... a5 14. Rd2 axb4 15. axb4
Qb8 16. h3 Bxf3 17. Bxf3 Rd8 18. Rfd1 Ne8 19. Bb6 Rc8 20. Bg4 e6 21. Nb5 Ra1
22. Rxa1 Bxa1 $14 {Luther,T-Dautov,R/Essen/2002/}) 9... Qa5 10. Bd2 ({White
has little after the softer} 10. Ra2 Qc7 11. Nfd2 Bxe2 12. Qxe2 Rc8 13. Rc1 Nf6
14. Nc3 O-O {1/2,Gulko,B-Yudasin,L/Beersheba/1993/} 15. Nd5 Qd7 {/\e6=}) 10...
Qd8 11. Nc3 Nf6 12. Be3 O-O 13. h3 Bxf3 14. Bxf3 Nd7 15. Rc1 Rc8 16. Be2 Nc5
17. b4 $1 $146 {[%mdl 8]} ({Black's plan works well after the slower} 17. f3
$143 Ne6 18. Kh1 Ned4 19. f4 a6 20. Bg4 e6 21. Rf2 h5 22. Be2 Qh4 $132 23. Kh2
Nxe2 24. Rxe2 Na5 25. b3 b5 26. g3 Qe7 27. Bb6 Nb7 28. Bd4 bxc4 29. Bxg7 Kxg7
30. b4 $44 {Chernin,A-Markowski,T/CERA Bank op/1998/}) 17... Ne6 ({The more
consistent} 17... Bxc3 {gives White a choice:} {More energetic is} 18. Rxc3 $5
(18. bxc5 Bb2 19. Rb1 Bxa3 20. cxd6 Bxd6 (20... b6 $5 21. Bh6 Bxd6 22. Bxf8
Qxf8 $44) 21. c5 Be5 22. Rxb7 Bd4 $5 $14) 18... Nxe4 19. Rc2 $44 {[%csl Ge2,
Ge3,Rg7,Rh6] ^^,׻ with excellent compensation.}) 18. Nd5 h5 $6 {[%csl Rg6,Rh5]
Only weakens Black's >>.} (18... Ned4 19. Bg4 f5 (19... e6 20. b5 $18) 20. exf5
gxf5 21. Bh5 $16 {/\b5+-}) (18... Ncd4 19. Bd3 $36) (18... Bb2 $143 19. Rb1 {/\
} Bd4 $6 (19... Bxa3 $2 20. Rb3 $18) 20. b5 $16) (18... Bd4 $5 $14) 19. Kh1 b6
20. f4 $36 Ned4 21. b5 $1 $16 {() Resolves the [+] situation in White's favour.
} Nxe2 22. Qxe2 (22. bxc6 $4 Ng3+) 22... Nd4 (22... Na5 23. f5 $1 {/\Bg5} e6 (
23... Nb3 24. Rce1 e6 25. f6 $18) 24. f6 exd5 25. fxg7 $16 {->}) (22... Nb8 $5
23. f5 Nd7 $16) 23. Bxd4 (23. Qd1 Ne6 24. f5 $40 {was also strong, but why
complicate matters-Andersson chooses the simplest way.}) 23... Bxd4 24. e5 $1
$40 {[%csl Rd4,Gd5] Compared with the dominant Nd5 the Bd4 has been left
stranded.} e6 (24... dxe5 25. fxe5 Bc5 26. Rcd1 Qe8 27. Rf3 {[%cal Rd1f1,Re2d2,
Rd2g5] /\Qd2-g5,Rdf1+- and with the unassailable Nd5 White just piles up
against Black's K.}) 25. Nf6+ Kg7 26. Rcd1 Bc5 (26... dxe5 27. fxe5 Rc5 28. Qe4
$5 Rxc4 29. Rd3 {/\} Rh8 30. Rfd1 Bxe5 31. Rxd8 Rxd8 32. Nxh5+ $18) 27. Rd3 $18
{->} Rh8 (27... Qe7 28. Nxh5+ $1 gxh5 29. Qxh5 $18) 28. Ne4 d5 $8 29. cxd5 exd5
30. f5 Qh4 $6 {This shortens Black's suffering, as he loses his Q. But the
position was hopeless anyway.} (30... gxf5 31. Rxf5 $18 (31. Ng3 $18)) (30...
d4 31. f6+ (31. Qf3 $18) 31... Kg8 32. Ng5 {[%cal Re5e6] /\e6+-}) 31. f6+ {
[%csl Rh4] ףh4} Kh7 32. Rxd5 Rhe8 (32... Rhd8 33. Qd3 Rxd5 34. Qxd5 Kg8 35. e6
$18) 33. Kh2 {/\g3} 1-0

[Event "MK Cafe Cup-A"]
[Site "Koszalin"]
[Date "1999.08.07"]
[Round "5"]
[White "Khenkin, Igor"]
[Black "Shabalov, Alexander"]
[Result "0-1"]
[WhiteElo "2633"]
[BlackElo "2566"]
[Annotator "Stohl,I"]
[PlyCount "46"]
[EventDate "1999.08.03"]
[EventType "swiss"]
[EventRounds "9"]
[EventCountry "POL"]
[SourceTitle "CBM 073"]
[Source "ChessBase"]
[SourceDate "1999.12.01"]
[SourceVersion "1"]
[SourceVersionDate "1999.12.01"]
[SourceQuality "1"]

1. d4 e6 2. c4 b6 3. e4 Bb7 4. Bd3 f5 5. exf5 Bb4+ 6. Kf1 Nf6 7. Be2 {A
continuation of a theoretical discussion about the merits of this weird move.
In this game the better prepared player scores a resounding victory, which
shows the drawbacks of White's idea-Black has a large lead in development and
the placement of White's K prevents him from deploying his forces freely.} O-O
(7... Bd6 {saves the B, but with also Black's K misplaced he has hardly any
compensation for the pawn.} 8. Bh5+ Kf8 9. fxe6 dxe6 10. Bf3 Nc6 11. Nc3 Qe8
12. Nge2 Rd8 13. Qa4 Kf7 14. Nb5 Rf8 15. Nxd6+ cxd6 16. Bg5 Kg8 17. Re1 Qg6 18.
h4 Ne4 19. Rh3 Na5 20. d5 Nxg5 21. hxg5 exd5 22. cxd5 Qxg5 23. Qe4 h6 24. b4
Rde8 25. Qd3 Bc8 26. Rh5 $16 {Meessen,R-Bunzmann,D/Leuven/1998/}) 8. c5 bxc5 {
The players willing to play this line are returning to the move from the
original 1997 Beliavsky-Short game.} (8... Nc6 $143 9. a3 Nxd4 10. axb4 Nxe2
11. Nxe2 (11. Qxe2 Nd5 12. fxe6 dxe6 13. b5 (13. Nf3 $5 $16) 13... a6 14. Nf3
axb5 15. Rxa8 Qxa8 16. h4 Qa1 17. Qxe6+ Kh8 18. Ne5 Nf6 19. Nf7+ Kg8 20. Ne5+
Kh8 21. Nf7+ Kg8 22. Nd6+ Kh8 23. Qe7 Kg8 24. Qe6+ Kh8 25. Qe7 Kg8 26. Qe6+ Kh8
27. Nxb7 Qxb1 28. Qe1 Ne4 {Dautov,R-Tischbierek,R/GER-ch Bremen/1998/} 29. f3
$16) 11... Ng4 12. Ng3 $1 (12. Qd4 Qh4 13. h3 Rxf5 14. g3 Qe7 15. hxg4 Rd5 16.
Rh5 Rxd4 17. Nxd4 Qf6 18. Be3 Qg6 19. Nc3 Qxg4 20. Rh4 Qg6 21. Rd1 a5 $132 {
Ippolito,D-Hodgson,J/Mermaid Beach/1998/}) 12... Qh4 13. Qd2 exf5 14. Qf4 Rae8
15. h3 Qe7 16. Bd2 Ne5 17. Rxa7 Bd5 18. Nc3 Nd3 19. Qe3 Qf7 20. Qd4 Bc4 21. Kg1
Nxb4 22. Rxc7 Nc6 23. Qf4 $18 {Vaisser,A-Sulava,N/Bastia act op/1998/}) 9. a3
Ba5 10. dxc5 Ne4 (10... Nd5 11. Nf3 Qf6 $5 (11... Rxf5 12. b4 Nxb4 13. axb4
Bxb4 14. Bb2 a5 15. h4 Rd5 16. Qb3 Na6 17. Nc3 Nxc5 18. Qc2 Rf5 19. Rh3 Qe7 20.
Kg1 Raf8 21. Rf1 d6 22. Ng5 h6 23. g4 $16 {Beliavsky,A-Short,N/FIDE WCh
Groningen/ 1997/}) 12. Qc2 h6 13. h4 c6 14. fxe6 dxe6 15. Nbd2 Bxd2 16. Bxd2
Nd7 17. Kg1 a5 18. Rf1 a4 19. Rh3 Ba6 20. Bxa6 Rxa6 21. Bc1 Ra5 22. Rg3 Nxc5
23. Qd2 Ra7 24. Qc2 Ra5 25. Rg6 Qf5 26. Qxf5 Rxf5 27. Nd4 Ne7 28. Rg3 Rd5 29.
Bxh6 g6 30. Be3 e5 31. Nxc6 {1-0,Galianina,J-Matveeva,S/Moscow/1999/}) (10...
c6 $2 11. b4 Bc7 12. fxe6 $16 {The Bb7 is incarcerated and Black has no
compensation.}) 11. b4 $6 {Already this is probably too greedy.} (11. Nf3 $5 {
/\} Qf6 (11... Rxf5 12. b4 {-11.b4 Rf5}) (11... Nxc5 12. Bg5 $1 {[%cal Rb2b4] /
\b4+-}) 12. Qa4 Nxc5 13. Qxa5 Nb3 14. Qb5 Nxa1 15. Qxb7 Qxf5 16. Nc3 $16) 11...
Qf6 $5 $146 {[%mdl 136] Shabalov, who allegedly analyzed the position for a
whole week, creates a surprisingly strong coctail from the various ideas,
mentioned in all the relevant games. Black's attack is very dangerous.} (11...
Rxf5 12. Nf3 Nc6 (12... Qf6 13. Ra2 Bd5 14. Rb2 {is different to the game, as
after capturing bxa5 Black will not have the play on the b-file.} (14. Bb2 $5))
13. bxa5 (13. Bb2 $5 $16) 13... Ne5 14. Be3 $6 Ng4 15. Nbd2 Nxe3+ 16. fxe3 Rd5
17. Rc1 Nxd2+ 18. Nxd2 Qg5 19. Bf3 Qxe3 20. Qe1 Ba6+ 21. Nc4 Qxc5 22. Qb4 Rf8
$1 $19 {Georgiev,V-Damaso,R/Algarve/1999/}) 12. Ra2 Bd5 $1 ({Insufficient is} 
12... Nxf2 13. Kxf2 Qxf5+ 14. Nf3 Qxb1 15. Rb2 $16) 13. Rb2 Nc6 14. Nf3 ({
Probably more testing, but also extremely precarious for White was} 14. bxa5
$142 $5 Rab8 (14... Qxf5 $6 15. Nf3 Rab8 (15... g5 16. h3) 16. Nbd2 Nc3 17. Qc2
$16) 15. Rxb8 Rxb8 16. Nd2 (16. Be3 Qa1 17. Bd3 Bc4 $1 $19) 16... Qxf5 (16...
Nc3 17. Qc2 Na2 18. Bc4 $16) 17. Nxe4 Qxe4 18. f3 (18. Nf3 Rb1 $17) 18... Qe5
$44 {->}) 14... Rab8 15. fxe6 {[%cal Gf8f1] Opening an attacking file for
Black, but it's very difficult to recommend anything better, White's pieces
are in a desperate tangle, e.g.} (15. Qc2 Qxf5 {/\} 16. bxa5 Rxb2 17. Qxb2 (17.
Bxb2 Ng3+ $19) 17... Rb8 18. Qa1 Rxb1 $1 $19) 15... dxe6 16. h4 {After this
White is much worse, perhaps a better chance was} (16. Rc2 Qf5 $5 $40 {[%cal
Rd5b3] /\Bb3} (16... Bxb4 17. axb4 Rxb4 18. Ba3 Rb3 $44) (16... Bb3 17. Bd3
Rbd8 18. Qe2 Bxc2 19. Bxc2 Nc3 20. Nxc3 Qxc3 21. Bb2 $1 $18)) 16... Nxc5 17.
Qc2 (17. Nbd2 $5 Ne4 18. Nxe4 Bxe4 19. Rd2 Bb6 $17) 17... Ne4 18. bxa5 Nd4 $1
$19 19. Qd3 (19. Qxc7 Rbc8 20. Qf4 e5 $1 21. Qe3 (21. Nxe5 Rxc1+ 22. Qxc1 Qxf2#
) 21... Nf5 $19) (19. Qd1 Nxf3 20. gxf3 (20. Rxb8 Nfd2+ $19) 20... Rxb2 21.
Bxb2 Qxb2 22. fxe4 Bxe4 23. Rh3 Bxb1 {[%csl Rf1,Gg8] ->,/\ Black is a pawn up
and has a better K} 24. Rb3 Qf6 25. Rf3 Bf5 $19) 19... Nb3 20. Rc2 $138 ({
Longer resistance could have been offered by} 20. Qe3 Nxc1 21. Rxb8 Rxb8 22.
Qxc1 Qb2 $1 (22... Qg6 23. Bd3 Ng3+ 24. fxg3 Qxd3+ 25. Kf2 {leads nowhere.})
23. Qxb2 Rxb2 24. Nbd2 (24. Bd3 Nxf2 $19) 24... Nxd2+ 25. Nxd2 Rxd2 26. Rh3 Rc2
$5 (26... Bxg2+ 27. Kxg2 Rxe2 28. Rc3 Re5 $17) 27. Bd3 (27. Rd3 Rxe2 28. Kxe2
Bc4 $19) 27... Rc1+ 28. Ke2 Bxg2 $17 {/-+} (28... c5 $5 $19)) 20... Nbc5 21.
Rxc5 $8 (21. Qe3 Rxb1 22. Rxc5 Nxc5 23. Qxc5 Qa1 $19) 21... Nxc5 22. Qc2 Be4
23. Qxc5 Rxb1 {/\Qa1,Qb2-+} (23... Rxb1 24. Kg1 Qf4 $19) 0-1